000 00880nam0a22002531 4500
001 rc\2991987
005 20250530004502.0
035 _a(NLR Aleph) 007136019
090 _a7007411
_c7007411
100 _a20110915d1936 |||y0rusy50 ca
101 0 _arus
102 _aRU
105 _aa j |||||
200 1 _aРусский язык
_eУчебник для 4 класса казах. школ ...
_fБегалиев Г., Филиппов С.С.
205 _a3-е изд. стер.
210 _a[Алма-Ата]
_cКазах. изд-во
_d1936
_gтип. Газ.-журн. из-ва
215 _aПереплет, 178, [2] с.
_cил.
_d23х16 см
700 1 _aБегалиев
_bГ.Б.
_gГали Бегалиевич
701 1 _aФилиппов
_bС.С.
801 0 _aRU
_bNLR
_gpsbo
801 1 _aRU
_bELAR
_2rusmarc
852 _aNLR
_j36-4/1021
942 _cBOOK
980 _aNB